000 00379pab a2200145 454500
008 180718b2001 xxu||||| |||| 00| 0 eng d
100 _aKrishnaraj, Matthreyi
245 _aHow gender figures in economic theorising and philosophy
260 _c2001
300 _ap.1425-434
362 _a28 Apr
650 _aWomen
773 _aEconomic and Political Weekly
909 _a48198
999 _c48198
_d48198